[Event "Aeroflot Open 2011 B"]
[Site "Moscu RUS"]
[Date "2011.02.09"]
[Round "2.15"]
[White "Feuerstack, Aljoscha"]
[Black "Reshetnikov, Alexey"]
[Result "1/2-1/2"]
[WhiteElo "2404"]
[BlackElo "2478"]
[PlyCount "120"]
[EventDate "2011.02.08"]
[EventType "swiss"]
[EventRounds "9"]
[EventCountry "RUS"]
[Source "lmi"]
[SourceDate "2011.02.08"]

1. e4 c5 2. c3 d5 3. exd5 Qxd5 4. d4 e6 5. Nf3 Nf6 6. Na3 Nc6 7. Nb5 Qd8 8.
dxc5 Bxc5 9. Qxd8+ Kxd8 10. b4 Bb6 11. Nd6 Ke7 12. Nc4 Ne4 13. b5 Na5 14. Ba3+
Kf6 15. Nxb6 axb6 16. Bb2 Ke7 17. Be2 f6 18. Nd2 Nxd2 19. Kxd2 e5 20. Rhd1 Be6
21. Ba3+ Kf7 22. Kc2 Rhd8 23. Bb4 Bc4 24. Bxa5 Bxe2 25. Rxd8 Rxd8 26. Bxb6 Ra8
27. a4 Bxb5 28. a5 Rc8 29. Rb1 Bc6 30. Rg1 Re8 31. Kd2 Re7 32. c4 Rd7+ 33. Ke3
f5 34. f3 f4+ 35. Ke2 e4 36. fxe4 Bxe4 37. g3 f3+ 38. Ke3 Bc6 39. Rf1 Re7+ 40.
Kd3 Kg6 41. Be3 Kf5 42. h3 Be4+ 43. Kc3 Bc6 44. Kd3 Re6 45. Rf2 Rg6 46. g4+ Ke5
47. Bb6 Rh6 48. Bc7+ Ke6 49. Rh2 Rf6 50. Ke3 Kd7 51. Bg3 Re6+ 52. Kd3 Ke8 53.
Kd4 Kf7 54. Ra2 Rh6 55. Rh2 Rg6 56. Bf4 h5 57. gxh5 Rf6 58. Bg3 Rf5 59. Ra2
Rxh5 60. h4 Rh6 1/2-1/2

[Event "Aeroflot Open 2011 B"]
[Site "Moscu RUS"]
[Date "2011.02.09"]
[Round "2.16"]
[White "Malek, Daniel"]
[Black "Karpatchev, Aleksandr"]
[Result "0-1"]
[WhiteElo "2340"]
[BlackElo "2474"]
[PlyCount "62"]
[EventDate "2011.02.08"]
[EventType "swiss"]
[EventRounds "9"]
[EventCountry "RUS"]
[Source "lmi"]
[SourceDate "2011.02.08"]

1. d4 d5 2. c4 dxc4 3. e3 Nf6 4. Bxc4 a6 5. Nf3 b5 6. Bd3 Bb7 7. a4 b4 8. Nbd2
e6 9. Nb3 Qd5 10. O-O Nbd7 11. Re1 Ne4 12. Qc2 Ndf6 13. Bc4 Qh5 14. Ne5 Bd6 15.
f3 Bxe5 16. dxe5 Qxe5 17. fxe4 Ng4 18. g3 h5 19. Bd3 O-O-O 20. Nd4 h4 21. gxh4
Qd6 22. Qg2 Rxh4 23. Qg3 Qxg3+ 24. hxg3 Rh3 25. Be2 Rxg3+ 26. Kf1 Bxe4 27.
Bxa6+ Kb8 28. Bd2 e5 29. Bxb4 Rg2 30. Rec1 Nxe3+ 31. Ke1 exd4 0-1

[Event "Aeroflot Open 2011 B"]
[Site "Moscu RUS"]
[Date "2011.02.09"]
[Round "2.18"]
[White "Lenderman, Aleksandr"]
[Black "Korchmar, Vasiliy"]
[Result "1/2-1/2"]
[WhiteElo "2549"]
[BlackElo "2216"]
[PlyCount "65"]
[EventDate "2011.02.08"]
[EventType "swiss"]
[EventRounds "9"]
[EventCountry "RUS"]
[Source "lmi"]
[SourceDate "2011.02.08"]

1. g3 Nf6 2. Bg2 g6 3. e4 d6 4. d3 Bg7 5. f4 c6 6. Nf3 Qb6 7. c3 O-O 8. Qe2
Nbd7 9. Nbd2 e5 10. Nc4 Qc7 11. fxe5 Nxe5 12. Ncxe5 dxe5 13. O-O Re8 14. h3 b6
15. Bg5 h6 16. Be3 Ba6 17. Ne1 Kh7 18. Bf3 Rad8 19. Rd1 Rd6 20. Qg2 Red8 21.
Be2 c5 22. Rf2 Qb7 23. Bf3 Bxd3 24. Rfd2 c4 25. Nxd3 Rxd3 26. Rxd3 Rxd3 27.
Rxd3 cxd3 28. Qd2 Qd7 29. Kg2 Ne8 30. Kf2 Qxh3 31. Qxd3 Qh2+ 32. Bg2 Nf6 33.
Bd2 1/2-1/2

[Event "Aeroflot Open 2011 B"]
[Site "Moscu RUS"]
[Date "2011.02.09"]
[Round "2.19"]
[White "Poetsch, Hagen"]
[Black "Shaposhnikov, Evgeny"]
[Result "1/2-1/2"]
[WhiteElo "2408"]
[BlackElo "2549"]
[PlyCount "66"]
[EventDate "2011.02.08"]
[EventType "swiss"]
[EventRounds "9"]
[EventCountry "RUS"]
[Source "lmi"]
[SourceDate "2011.02.08"]

1. e4 c5 2. Nf3 e6 3. Nc3 a6 4. d4 cxd4 5. Nxd4 b5 6. Bd3 Bb7 7. O-O Qc7 8. Qe2
Bc5 9. Nb3 Be7 10. f4 b4 11. Nd1 Nf6 12. e5 Nd5 13. Ne3 f5 14. Nxd5 Bxd5 15.
Be3 O-O 16. c4 bxc3 17. Rac1 Nc6 18. Rxc3 Bb4 19. Rc2 a5 20. Nd4 Nxd4 21. Bxd4
Qb7 22. a3 Be7 23. Rfc1 Rfc8 24. Bc5 Bxc5+ 25. Rxc5 Rxc5 26. Rxc5 Bc6 27. Bb5
Bxb5 28. Qxb5 Qe4 29. g3 h5 30. Rc7 Kh7 31. Qxd7 Qe1+ 32. Kg2 Qe2+ 33. Kg1 Qe1+
1/2-1/2

[Event "Aeroflot Open 2011 B"]
[Site "Moscu RUS"]
[Date "2011.02.09"]
[Round "2.20"]
[White "Kunin, Vitaly"]
[Black "Tunik, Gennady"]
[Result "1/2-1/2"]
[WhiteElo "2548"]
[BlackElo "2450"]
[PlyCount "81"]
[EventDate "2011.02.08"]
[EventType "swiss"]
[EventRounds "9"]
[EventCountry "RUS"]
[Source "lmi"]
[SourceDate "2011.02.08"]

1. d4 Nf6 2. c4 e6 3. Nf3 b6 4. a3 Ba6 5. Qc2 Bb7 6. Nc3 c5 7. e4 cxd4 8. Nxd4
Nc6 9. Nxc6 Bxc6 10. Bf4 Bc5 11. b4 Bd4 12. Rd1 e5 13. Bg3 a5 14. b5 Bb7 15. f3
Qe7 16. Bd3 O-O 17. Bh4 h6 18. Ne2 Bc5 19. a4 Qe6 20. g4 Nh7 21. Nc3 Rfc8 22.
Nd5 Nf8 23. Bg3 d6 24. h4 Bxd5 25. exd5 Qf6 26. Qe2 Re8 27. Qe4 g6 28. Kf1 Qg7
29. Kg2 Nd7 30. Qe2 Bd4 31. Bc2 Nc5 32. Qd2 Rac8 33. f4 exf4 34. Bxf4 Bc3 35.
Qf2 Nd7 36. h5 g5 37. Bxd6 Rxc4 38. Bf5 Nf6 39. Qf3 Ne4 40. Bh2 Bb4 41. Rhf1
1/2-1/2

[Event "Aeroflot Open 2011 B"]
[Site "Moscu RUS"]
[Date "2011.02.09"]
[Round "2.21"]
[White "Rogozenco, Dorian"]
[Black "Lou, Yiping"]
[Result "1-0"]
[WhiteElo "2534"]
[BlackElo "2494"]
[PlyCount "159"]
[EventDate "2011.02.08"]
[EventType "swiss"]
[EventRounds "9"]
[EventCountry "RUS"]
[Source "lmi"]
[SourceDate "2011.02.08"]

1. d4 Nf6 2. c4 g6 3. Nc3 d5 4. cxd5 Nxd5 5. e4 Nxc3 6. bxc3 Bg7 7. Bc4 c5 8.
Ne2 Nc6 9. Be3 O-O 10. O-O Bd7 11. Rb1 Qc7 12. Bd3 Rad8 13. Qc1 Qd6 14. Rd1
cxd4 15. cxd4 Nxd4 16. Nxd4 Bxd4 17. Bxd4 Qxd4 18. Bb5 Qxd1+ 19. Qxd1 Bxb5 20.
Qe1 Bc6 21. f3 e5 22. h4 h5 23. Qa5 Rfe8 24. Qxa7 Rd4 25. Qc5 Kg7 26. Rb4 Rxb4
27. Qxb4 Re6 28. a4 b6 29. Kf2 Bd7 30. Ke3 Bc6 31. Qc4 Be8 32. Qb4 Bc6 33. Kd2
Bd7 34. Kc3 Rc6+ 35. Kb2 Be8 36. Ka3 Re6 37. Qc3 Bc6 38. Kb4 Kg8 39. Qe3 Be8
40. Qd2 Kh7 41. Qd8 Kg7 42. Qc7 Kg8 43. g3 Kg7 44. Qc3 Kg8 45. Ka3 Kh7 46. Qd3
Bc6 47. Qe3 Be8 48. f4 exf4 49. gxf4 f6 50. Qd4 Kg7 51. f5 gxf5 52. exf5 Rc6
53. Qd5 Kf8 54. Qe4 Rc3+ 55. Kb4 Rc6 56. Qf4 Ke7 57. Qh6 Rc5 58. Qe3+ Kf8 59.
Qe6 Rc6 60. Qd5 Kg7 61. Qd2 Kf8 62. Qh6+ Kg8 63. Qf4 Rc8 64. Qe3 Ra8 65. Qe6+
Kg7 66. Qe7+ Bf7 67. Qb7 Ra5 68. Qxb6 Rxf5 69. Qc7 Re5 70. a5 Kg6 71. a6 Re4+
72. Kb5 Rxh4 73. Qg3+ Rg4 74. Qd3+ Kg7 75. a7 Rg5+ 76. Kc6 Bg6 77. Qd7+ Kh6 78.
Qe7 Ra5 79. Kb6 Ra4 80. Qxf6 1-0

[Event "Aeroflot Open 2011 B"]
[Site "Moscu RUS"]
[Date "2011.02.09"]
[Round "2.22"]
[White "Batchuluun, Tsegmed"]
[Black "Panarin, Mikhail"]
[Result "1/2-1/2"]
[WhiteElo "2424"]
[BlackElo "2533"]
[PlyCount "72"]
[EventDate "2011.02.08"]
[EventType "swiss"]
[EventRounds "9"]
[EventCountry "RUS"]
[Source "lmi"]
[SourceDate "2011.02.08"]

1. d4 Nf6 2. c4 c5 3. d5 e6 4. Nc3 exd5 5. cxd5 d6 6. Nf3 g6 7. g3 Bg7 8. Bg2
O-O 9. O-O Na6 10. Nd2 Nc7 11. Nc4 Nfe8 12. Bf4 f5 13. e4 g5 14. Bc1 b5 15. Na5
b4 16. Nc6 Qf6 17. e5 dxe5 18. Na4 e4 19. Nxc5 Qd6 20. Na4 Rf7 21. Bxg5 Nxd5
22. Rc1 Ba6 23. Re1 Bb5 24. Na5 h6 25. Bh4 Nb6 26. Nxb6 axb6 27. Nc4 Qxd1 28.
Rexd1 Rc7 29. Bf1 Rxa2 30. Bd8 Rd7 31. Rxd7 Bxd7 32. Bxb6 Be6 33. Bc5 b3 34.
Ba3 Bf8 35. Bxf8 Kxf8 36. Rc3 Ra1 1/2-1/2

[Event "Aeroflot Open 2011 B"]
[Site "Moscu RUS"]
[Date "2011.02.09"]
[Round "2.23"]
[White "Pavlov, Sergey"]
[Black "Lu, Shanglei"]
[Result "1-0"]
[WhiteElo "2530"]
[BlackElo "2416"]
[PlyCount "79"]
[EventDate "2011.02.08"]
[EventType "swiss"]
[EventRounds "9"]
[EventCountry "RUS"]
[Source "lmi"]
[SourceDate "2011.02.08"]

1. c4 c6 2. e4 e6 3. d4 d5 4. e5 c5 5. cxd5 exd5 6. Nf3 Nc6 7. Nc3 Bg4 8. Be2
cxd4 9. Nxd4 Bxe2 10. Nxc6 bxc6 11. Qxe2 Bc5 12. O-O Ne7 13. Bg5 Bb6 14. Rac1
O-O 15. Na4 Rc8 16. Nxb6 axb6 17. f4 h6 18. Bh4 Qd7 19. f5 Nxf5 20. Qg4 g6 21.
Bf6 d4 22. Rf3 Rfd8 23. Qf4 d3 24. Qd2 Kh7 25. Rc3 Qd4+ 26. Kh1 Rf8 27. Rcxd3
Qc4 28. b3 Qb5 29. g4 Ng7 30. Rh3 h5 31. gxh5 g5 32. Qxg5 Ne6 33. Qf5+ Kh6 34.
Be7 Qa5 35. Bxf8+ Rxf8 36. Qf2 Rg8 37. Rhg3 Rxg3 38. hxg3 Qxe5 39. Qe3+ Qxe3
40. Rxe3 1-0

[Event "Aeroflot Open 2011 B"]
[Site "Moscu RUS"]
[Date "2011.02.09"]
[Round "2.24"]
[White "Gabuzyan, Hovhannes"]
[Black "Smirnov, Pavel"]
[Result "1-0"]
[WhiteElo "2380"]
[BlackElo "2523"]
[PlyCount "123"]
[EventDate "2011.02.08"]
[EventType "swiss"]
[EventRounds "9"]
[EventCountry "RUS"]
[Source "lmi"]
[SourceDate "2011.02.08"]

1. e4 c5 2. Nf3 d6 3. d4 cxd4 4. Nxd4 Nf6 5. Nc3 g6 6. Be3 Bg7 7. f3 Nc6 8. Qd2
O-O 9. Bc4 Bd7 10. O-O-O Rb8 11. Bb3 Na5 12. Bh6 Bxh6 13. Qxh6 b5 14. h4 e5 15.
Nde2 b4 16. Nd5 Nxb3+ 17. axb3 Nxd5 18. Rxd5 Be6 19. h5 Qc7 20. Rd2 Rb6 21. Kd1
Rc8 22. Ke1 Ra6 23. Kf2 Qe7 24. hxg6 fxg6 25. Rhd1 Rac6 26. c4 bxc3 27. Nxc3
Bxb3 28. Ra1 Qb7 29. Qe3 Rb6 30. Kg1 Bf7 31. Nd1 a6 32. Kh2 Rb3 33. Qg5 Qb6 34.
Qf6 Rc6 35. Nf2 d5 36. Qxe5 Re6 37. Qf4 g5 38. Qxg5+ Rg6 39. Qf4 dxe4 40. Qxe4
Rxb2 41. Rad1 Qc7+ 42. f4 Rb8 43. Rc2 Qb6 44. f5 Rd6 45. Rdc1 Rbd8 46. Qg4+ Kf8
47. Nh3 Rd4 48. Qg3 Qf6 49. Rf1 Rd3 50. Qc7 Kg8 51. Rf4 Kh8 52. Re2 R3d6 53.
Re7 Bg8 54. Rg4 Rd5 55. Rgg7 Rd4 56. Qg3 Rf8 57. Ra7 a5 58. Rgb7 Rd5 59. Ra6
Qe5 60. Nf4 Rxf5 61. Rxh7+ Kxh7 62. Rh6+ 1-0

[Event "Aeroflot Open 2011 B"]
[Site "Moscu RUS"]
[Date "2011.02.09"]
[Round "2.25"]
[White "Kotanjian, Tigran"]
[Black "Carlstedt, Jonathan"]
[Result "1-0"]
[WhiteElo "2519"]
[BlackElo "2409"]
[PlyCount "87"]
[EventDate "2011.02.08"]
[EventType "swiss"]
[EventRounds "9"]
[EventCountry "RUS"]
[Source "lmi"]
[SourceDate "2011.02.08"]

1. d4 d5 2. Nf3 e6 3. c4 c5 4. cxd5 exd5 5. Nc3 Nc6 6. g3 Nf6 7. Bg2 Be7 8. O-O
O-O 9. dxc5 Bxc5 10. a3 Re8 11. b4 Bb6 12. Bb2 Bf5 13. Na4 Be4 14. Rc1 Qe7 15.
e3 Nd7 16. Nc3 Nf6 17. Nxe4 dxe4 18. Ng5 Rad8 19. Qc2 a5 20. b5 Na7 21. Bxf6
Qxf6 22. Nxe4 Qe7 23. a4 Rc8 24. Qb3 Rxc1 25. Rxc1 Nc8 26. Nc3 Bc5 27. Nd5 Qd6
28. b6 Bxb6 29. Qb5 Rd8 30. Rxc8 Rxc8 31. Nxb6 Rc1+ 32. Bf1 h5 33. h4 Qd1 34.
Nd5 Rb1 35. Qe8+ Kh7 36. Qe4+ g6 37. Qg2 Qb3 38. Qf3 Kg8 39. Kg2 Qc2 40. e4 Qc1
41. Qd3 Ra1 42. e5 Qc6 43. Kh2 Kh7 44. Nf6+ 1-0

[Event "Aeroflot Open 2011 B"]
[Site "Moscu RUS"]
[Date "2011.02.09"]
[Round "2.26"]
[White "Filipenko, Alexander V"]
[Black "Khachiyan, Melikset"]
[Result "0-1"]
[WhiteElo "2357"]
[BlackElo "2518"]
[PlyCount "64"]
[EventDate "2011.02.08"]
[EventType "swiss"]
[EventRounds "9"]
[EventCountry "RUS"]
[Source "lmi"]
[SourceDate "2011.02.08"]

1. e4 c5 2. Nf3 d6 3. c3 Nf6 4. h3 Bd7 5. Bd3 Bc6 6. Qe2 Nbd7 7. Bc2 e6 8. O-O
Be7 9. d4 O-O 10. dxc5 dxc5 11. c4 e5 12. Nc3 Re8 13. Ba4 Nxe4 14. Bxc6 Nxc3
15. bxc3 bxc6 16. Rb1 Qc7 17. Rb3 f5 18. Ba3 e4 19. Nd2 Bf8 20. Rfb1 Nb6 21. g4
e3 22. Nf1 exf2+ 23. Qxf2 fxg4 24. hxg4 Re4 25. Ne3 Rae8 26. Bc1 Qe5 27. Bd2
Nxc4 28. Nxc4 Rxg4+ 29. Kf1 Qe4 30. Ne3 Rf4 31. Qxf4 Qxf4+ 32. Ke2 c4 0-1

[Event "Aeroflot Open 2011 B"]
[Site "Moscu RUS"]
[Date "2011.02.09"]
[Round "2.27"]
[White "Denisov, Lev"]
[Black "Belous, Vladimir"]
[Result "0-1"]
[WhiteElo "2337"]
[BlackElo "2497"]
[PlyCount "76"]
[EventDate "2011.02.08"]
[EventType "swiss"]
[EventRounds "9"]
[EventCountry "RUS"]
[Source "lmi"]
[SourceDate "2011.02.08"]

1. e4 c5 2. Nf3 Nc6 3. Nc3 g6 4. d4 cxd4 5. Nxd4 Bg7 6. Be3 Nf6 7. Bc4 O-O 8.
Bb3 d6 9. f3 Bd7 10. Qd2 Nxd4 11. Bxd4 b5 12. O-O a5 13. a3 a4 14. Ba2 Qa5 15.
Qf2 Rab8 16. Ne2 b4 17. axb4 Qxb4 18. Bc3 Qb7 19. Rfd1 Rbc8 20. Rab1 Qa6 21.
Nf4 Bc6 22. Nd3 Qa8 23. Nb4 Bb7 24. Qe3 Rxc3 25. bxc3 Rc8 26. Rd3 Nd7 27. Nd5
Bxd5 28. Bxd5 Qa5 29. Rb7 Rc7 30. Qf4 Bf6 31. Rxc7 Qxc7 32. e5 Nxe5 33. Qxa4 e6
34. Bb3 Nxd3 35. cxd3 Qxc3 36. Kf2 Be5 37. Ke2 Bxh2 38. f4 d5 0-1

[Event "Aeroflot Open 2011 B"]
[Site "Moscu RUS"]
[Date "2011.02.09"]
[Round "2.28"]
[White "Xu, Jun"]
[Black "Romanko, Marina"]
[Result "1/2-1/2"]
[WhiteElo "2494"]
[BlackElo "2404"]
[PlyCount "92"]
[EventDate "2011.02.08"]
[EventType "swiss"]
[EventRounds "9"]
[EventCountry "RUS"]
[Source "lmi"]
[SourceDate "2011.02.08"]

1. d4 d5 2. c4 c6 3. Nf3 Nf6 4. Nc3 e6 5. Bg5 Nbd7 6. cxd5 exd5 7. e3 Be7 8.
Bd3 Ne4 9. Bxe7 Qxe7 10. Qc2 f5 11. O-O O-O 12. Rab1 Ndf6 13. b4 Be6 14. Ne2
Rac8 15. Ne5 Nd7 16. Nxd7 Qxd7 17. a4 Nd6 18. Rbc1 Kh8 19. Nf4 Bg8 20. Be2 Qe7
21. Nd3 Nc4 22. Qc3 Rce8 23. Rfe1 Rf6 24. b5 Rh6 25. g3 cxb5 26. axb5 Rb6 27.
Ra1 Ra8 28. Reb1 Qe8 29. Nc5 Rxb5 30. Nxb7 Rxb1+ 31. Rxb1 f4 32. Bxc4 dxc4 33.
Nc5 fxe3 34. fxe3 Rb8 35. Re1 Qb5 36. e4 a5 37. e5 Qb4 38. Qxb4 axb4 39. e6 b3
40. Na4 g6 41. d5 Kg7 42. d6 Bxe6 43. Rxe6 b2 44. Nxb2 Rxb2 45. d7 Rd2 46. Rc6
Rxd7 1/2-1/2

[Event "Aeroflot Open 2011 B"]
[Site "Moscu RUS"]
[Date "2011.02.09"]
[Round "2.29"]
[White "Oparin, Grigoriy"]
[Black "Petrosian, Davit G"]
[Result "1/2-1/2"]
[WhiteElo "2328"]
[BlackElo "2485"]
[PlyCount "52"]
[EventDate "2011.02.08"]
[EventType "swiss"]
[EventRounds "9"]
[EventCountry "RUS"]
[Source "lmi"]
[SourceDate "2011.02.08"]

1. e4 c5 2. Nf3 Nc6 3. d4 cxd4 4. Nxd4 e5 5. Nb5 d6 6. N1c3 a6 7. Na3 b5 8. Nd5
Nf6 9. Bg5 Be7 10. Bxf6 Bxf6 11. c4 b4 12. Nc2 Rb8 13. b3 Bg5 14. g3 Be6 15. h4
Bh6 16. Bg2 O-O 17. Qd3 Bxd5 18. Qxd5 Qb6 19. O-O Ne7 20. Qd3 f5 21. exf5 Nxf5
22. Be4 g6 23. Kg2 Rf6 24. Rae1 Ng7 25. Re2 Kh8 26. Bd5 Rbf8 1/2-1/2

[Event "Aeroflot Open 2011 B"]
[Site "Moscu RUS"]
[Date "2011.02.09"]
[Round "2.30"]
[White "Guo, Qi"]
[Black "Bogdanovich, Stanislav"]
[Result "1/2-1/2"]
[WhiteElo "2310"]
[BlackElo "2484"]
[PlyCount "63"]
[EventDate "2011.02.08"]
[EventType "swiss"]
[EventRounds "9"]
[EventCountry "RUS"]
[Source "lmi"]
[SourceDate "2011.02.08"]

1. d4 d5 2. Nf3 c6 3. c4 dxc4 4. e3 Be6 5. Nc3 b5 6. Be2 Nf6 7. O-O g6 8. Ng5
Bd7 9. a4 a5 10. d5 b4 11. dxc6 Nxc6 12. Bxc4 Ne5 13. Qd4 Nxc4 14. Qxc4 e6 15.
Nb5 Rc8 16. Qe2 Be7 17. e4 O-O 18. Be3 Bc5 19. Rad1 Qe7 20. e5 Nd5 21. Bxc5
Bxb5 22. axb5 Qxc5 23. Qf3 Rcd8 24. Qh3 h5 25. Qg3 Kg7 26. Ne4 Qxb5 27. Qg5 Qe8
28. Rxd5 Rxd5 29. Nf6 Qd8 30. Nxh5+ Kh7 31. Nf6+ Kg7 32. Nh5+ 1/2-1/2

[Event "Aeroflot Open 2011 B"]
[Site "Moscu RUS"]
[Date "2011.02.09"]
[Round "2.31"]
[White "Saduakassova, Dinara"]
[Black "Zilberman, Yaacov"]
[Result "0-1"]
[WhiteElo "2225"]
[BlackElo "2468"]
[PlyCount "104"]
[EventDate "2011.02.08"]
[EventType "swiss"]
[EventRounds "9"]
[EventCountry "RUS"]
[Source "lmi"]
[SourceDate "2011.02.08"]

1. Nf3 d5 2. d4 Nf6 3. c4 dxc4 4. Qa4+ c6 5. Qxc4 Bf5 6. g3 Nbd7 7. Bg2 e6 8.
O-O Be7 9. e3 O-O 10. Rd1 a5 11. Nc3 Ne4 12. Nd2 Nd6 13. Qe2 Bc2 14. Re1 Bg6
15. e4 Qb6 16. Nf3 Rfd8 17. Bf4 Bh5 18. Rad1 Qa6 19. Qc2 Rac8 20. Rc1 b5 21. b3
Bxf3 22. Bxf3 c5 23. dxc5 Rxc5 24. Qe2 Rdc8 25. Nb1 Rxc1 26. Rxc1 Rxc1+ 27.
Bxc1 a4 28. Ba3 axb3 29. axb3 Kf8 30. Bg2 Ke8 31. Bf1 Qa8 32. e5 Nf5 33. Bb2
Bc5 34. Nd2 Bd4 35. Bxd4 Nxd4 36. Qe3 Qd5 37. f4 Ke7 38. Bg2 Qc5 39. Kf2 g5 40.
Be4 gxf4 41. gxf4 h6 42. Kg2 f6 43. exf6+ Nxf6 44. Bf3 Qb4 45. Qd3 Nf5 46. Be4
Nd6 47. Kf3 Nfxe4 48. Nxe4 Nxe4 49. Qxe4 Qxb3+ 50. Kg4 Qd5 51. Qh7+ Kd6 52.
Qxh6 Qg2+ 0-1

[Event "Aeroflot Open 2011 B"]
[Site "Moscu RUS"]
[Date "2011.02.09"]
[Round "2.32"]
[White "Obolenskikh, Dmitry"]
[Black "Zolotukhin, Valery"]
[Result "1-0"]
[WhiteElo "2567"]
[BlackElo "2348"]
[PlyCount "91"]
[EventDate "2011.02.08"]
[EventType "swiss"]
[EventRounds "9"]
[EventCountry "RUS"]
[Source "lmi"]
[SourceDate "2011.02.08"]

1. c4 e5 2. Nc3 Nf6 3. Nf3 Nc6 4. g3 d5 5. cxd5 Nxd5 6. Bg2 Nb6 7. O-O Be7 8.
a3 Be6 9. b4 a5 10. b5 Nd4 11. d3 f6 12. Nxd4 exd4 13. Na4 Bd5 14. Nxb6 cxb6
15. Qa4 Bxg2 16. Kxg2 Qd5+ 17. Kg1 Bc5 18. Re1 Kf7 19. Bb2 Rhe8 20. Rac1 Rad8
21. Qc4 Qxc4 22. Rxc4 Rd5 23. Kf1 h5 24. h3 g5 25. g4 Kg6 26. a4 hxg4 27. hxg4
Rd7 28. Rec1 Rh7 29. R1c2 Rh1+ 30. Kg2 Rh4 31. Kf3 Rh3+ 32. Kg2 Rh4 33. Kf3 Rd8
34. Rc1 Rh3+ 35. Kg2 Rh4 36. Kf3 Rd5 37. Rg1 f5 38. gxf5+ Rxf5+ 39. Kg2 Rhf4
40. f3 g4 41. Bc1 gxf3+ 42. Kf2+ Kf6 43. Bxf4 Rxf4 44. exf3 Rh4 45. Rcc1 Bd6
46. Rh1 1-0

[Event "Aeroflot Open 2011 B"]
[Site "Moscu RUS"]
[Date "2011.02.09"]
[Round "2.33"]
[White "Barbosa, Oliver"]
[Black "Demianjuk, Alexander"]
[Result "1-0"]
[WhiteElo "2293"]
[BlackElo "2305"]
[PlyCount "77"]
[EventDate "2011.02.08"]
[EventType "swiss"]
[EventRounds "9"]
[EventCountry "RUS"]
[Source "lmi"]
[SourceDate "2011.02.08"]

1. Nf3 c5 2. c4 Nf6 3. g3 g6 4. Bg2 Bg7 5. Nc3 Nc6 6. d4 cxd4 7. Nxd4 Nxd4 8.
Qxd4 d6 9. O-O O-O 10. Qd3 Bf5 11. e4 Be6 12. Bd2 Nd7 13. b3 Ne5 14. Qe2 Nc6
15. Rac1 Rc8 16. Nd5 Bd7 17. Bg5 Re8 18. Qd2 b6 19. Kh1 Nd4 20. Be3 Ne6 21. f4
Nc5 22. f5 Bc6 23. Bh6 Be5 24. Bf4 Bg7 25. Rce1 Nd7 26. Bh6 Bxd5 27. exd5 Ne5
28. Bh3 Rb8 29. fxg6 hxg6 30. Rxe5 dxe5 31. Rxf7 Bxh6 32. Qxh6 Kxf7 33. Be6+
Kf6 34. g4 e4 35. Qf4+ Kg7 36. Qf7+ Kh6 37. h4 Rh8 38. g5+ Kh5 39. Qf4 1-0

[Event "Aeroflot Open 2011 B"]
[Site "Moscu RUS"]
[Date "2011.02.09"]
[Round "2.34"]
[White "Delemarre, Jop"]
[Black "Oganisjn, Roman"]
[Result "1-0"]
[WhiteElo "2455"]
[BlackElo "2293"]
[PlyCount "83"]
[EventDate "2011.02.08"]
[EventType "swiss"]
[EventRounds "9"]
[EventCountry "RUS"]
[Source "lmi"]
[SourceDate "2011.02.08"]

1. d4 Nf6 2. c4 c5 3. d5 d6 4. Nc3 e5 5. e4 Be7 6. g3 O-O 7. Bg2 Na6 8. Nf3 Nc7
9. a4 Nfe8 10. h3 f5 11. exf5 Bxf5 12. g4 Bg6 13. h4 h5 14. g5 Bf5 15. Nd2 g6
16. Nde4 b6 17. Ng3 Ng7 18. Nce4 a6 19. Be3 Nce8 20. O-O Rb8 21. Qd3 Bd7 22.
Bd2 Nf5 23. f4 Nxh4 24. fxe5 dxe5 25. Bc3 Bf5 26. Bxe5 Nd6 27. Nxf5 Nhxf5 28.
Bh3 Rb7 29. Rae1 Nxe4 30. Qxe4 Qd7 31. d6 Bd8 32. Bxf5 gxf5 33. Qd5+ Kh7 34.
Bf4 Qg7 35. Kh1 Ra7 36. Re6 Bxg5 37. Rg1 Bxf4 38. Rxg7+ Rxg7 39. d7 Bg5 40. Re8
Rgg8 41. Qb7 Bd8 42. Qc8 1-0

[Event "Aeroflot Open 2011 B"]
[Site "Moscu RUS"]
[Date "2011.02.09"]
[Round "2.35"]
[White "Lushenkov, Mikhail"]
[Black "Hernandez, Alexander"]
[Result "1/2-1/2"]
[WhiteElo "2451"]
[BlackElo "2285"]
[PlyCount "46"]
[EventDate "2011.02.08"]
[EventType "swiss"]
[EventRounds "9"]
[EventCountry "RUS"]
[Source "lmi"]
[SourceDate "2011.02.08"]

1. c4 e5 2. Nc3 Nf6 3. Nf3 Nc6 4. g3 d5 5. cxd5 Nxd5 6. Bg2 Nb6 7. a3 a5 8. d3
Be7 9. Be3 O-O 10. Bxb6 cxb6 11. O-O Be6 12. Rc1 f6 13. Nd2 Rf7 14. Nc4 Rc8 15.
e3 Bf8 16. Qe2 Rd7 17. Rfd1 Na7 18. a4 Nc6 19. Nb5 Nb4 20. d4 Na2 21. Rc2 Nb4
22. Rcc1 Na2 23. Rc2 Nb4 1/2-1/2

[Event "Aeroflot Open 2011 B"]
[Site "Moscu RUS"]
[Date "2011.02.09"]
[Round "2.36"]
[White "Ovetchkin, Roman"]
[Black "Wang, Jue"]
[Result "1-0"]
[WhiteElo "2498"]
[BlackElo "2252"]
[PlyCount "109"]
[EventDate "2011.02.08"]
[EventType "swiss"]
[EventRounds "9"]
[EventCountry "RUS"]
[Source "lmi"]
[SourceDate "2011.02.08"]

1. d4 Nf6 2. Bg5 d5 3. Nd2 Nbd7 4. Ngf3 g6 5. e3 Bg7 6. c4 c6 7. cxd5 cxd5 8.
Rc1 O-O 9. Be2 b6 10. O-O Bb7 11. Qa4 a6 12. Rc2 Ne4 13. Bf4 Nxd2 14. Nxd2 e5
15. dxe5 Nxe5 16. Bxe5 Bxe5 17. Nf3 Bg7 18. Rd1 Qe7 19. Qb3 b5 20. Nd4 Rac8 21.
Rcd2 Rc4 22. Bxc4 dxc4 23. Qa3 b4 24. Qa5 Qe4 25. Nf3 c3 26. bxc3 bxc3 27. Rd8
Qc2 28. Ne1 Qb2 29. Qc5 Qe2 30. h3 Qh5 31. Qb4 Qb5 32. Rxf8+ Bxf8 33. Qxc3 Qb6
34. Nf3 Qe6 35. Qb3 Qe7 36. Ne5 Bc8 37. Qb8 Be6 38. a4 h5 39. Qd8 Qb4 40. Nd7
Bxd7 41. Qxd7 a5 42. Qb5 Qc3 43. g3 h4 44. gxh4 Qc2 45. Rd8 Qc1+ 46. Kg2 Qc7
47. Rd7 Qc3 48. Qd5 Qf6 49. Qxa5 Qxh4 50. Qd5 Qf6 51. a5 Bb4 52. a6 Be1 53.
Qxf7+ Qxf7 54. Rxf7 Kxf7 55. a7 1-0

[Event "Aeroflot Open 2011 B"]
[Site "Moscu RUS"]
[Date "2011.02.09"]
[Round "2.37"]
[White "Khantuev, Alexander"]
[Black "Ulibin, Mikhail"]
[Result "0-1"]
[WhiteElo "2347"]
[BlackElo "2547"]
[PlyCount "70"]
[EventDate "2011.02.08"]
[EventType "swiss"]
[EventRounds "9"]
[EventCountry "RUS"]
[Source "lmi"]
[SourceDate "2011.02.08"]

1. e4 e6 2. d4 d5 3. Nc3 Bb4 4. e5 b6 5. a3 Bxc3+ 6. bxc3 Qd7 7. Qg4 f5 8. Qg3
Ba6 9. Bxa6 Nxa6 10. Ne2 O-O-O 11. a4 Nb8 12. a5 Nc6 13. axb6 cxb6 14. Nf4 Kb7
15. O-O Rc8 16. Ba3 Nh6 17. Rfb1 Na5 18. Bc5 Nc4 19. Nd3 Nf7 20. Rb4 g5 21.
Rba4 a5 22. Bb4 Ra8 23. Bc5 Rhc8 24. Bd6 h6 25. Rxc4 dxc4 26. Qf3+ Qc6 27. Nc5+
bxc5 28. Rb1+ Ka6 29. Bxc5 Qxf3 30. Rb6+ Ka7 31. gxf3 Rxc5 32. dxc5 Re8 33. Rb5
Nxe5 34. Rxa5+ Kb7 35. Kg2 Kc6 0-1

[Event "Aeroflot Open 2011 B"]
[Site "Moscu RUS"]
[Date "2011.02.09"]
[Round "2.38"]
[White "Mansour, Sameer"]
[Black "Tseshkovsky, Vitaly"]
[Result "1/2-1/2"]
[WhiteElo "2318"]
[BlackElo "2528"]
[PlyCount "111"]
[EventDate "2011.02.08"]
[EventType "swiss"]
[EventRounds "9"]
[EventCountry "RUS"]
[Source "lmi"]
[SourceDate "2011.02.08"]

1. e4 d6 2. d4 g6 3. Nf3 Nf6 4. Nc3 Bg7 5. Be2 O-O 6. O-O c6 7. a4 a5 8. Re1
Na6 9. Bf1 Bg4 10. h3 Bxf3 11. Qxf3 Nd7 12. Bxa6 Rxa6 13. Qd3 Ra8 14. Bg5 Re8
15. Rad1 Qb6 16. b3 Nf8 17. Be3 Qa6 18. Nb1 Qxd3 19. Rxd3 b5 20. Nc3 b4 21. Nb1
d5 22. Nd2 Ne6 23. e5 f6 24. Nf3 fxe5 25. dxe5 Rf8 26. Ng5 Nxg5 27. Bxg5 e6 28.
Be3 Rf7 29. c3 Ra6 30. cxb4 axb4 31. Bc5 Bf8 32. Rc1 Rf4 33. f3 Bxc5+ 34. Rxc5
Kf8 35. Kf2 Ke8 36. Ke3 Rf5 37. f4 g5 38. g3 gxf4+ 39. gxf4 Kd7 40. Rd2 Rh5 41.
Rh2 Kc7 42. Kf3 Kb6 43. Rhc2 Kb7 44. Kg4 Rf5 45. a5 h5+ 46. Kf3 Rf7 47. Ke3 Rg7
48. f5 Rg5 49. Rf2 Kc7 50. h4 Rg4 51. Rf4 exf5 52. Rxf5 Rxh4 53. Rf7+ Kd8 54.
Rf6 Kc7 55. Rf7+ Kc8 56. Rf6 1/2-1/2